[Event "GER-ch (Women)"]
[Site "Magdeburg"]
[Date "2023.07.08"]
[Round "6"]
[White "Ali, Maha"]
[Black "Kohler, Emma"]
[Result "0-1"]
[WhiteElo "1303"]
[BlackElo "1413"]
[PlyCount "140"]
[EventDate "2023.07.05"]
[EventType "swiss"]
[EventRounds "7"]
[EventCountry "GER"]
[SourceTitle "CBM 215 Extra"]
[Source "ChessBase"]
[SourceDate "2023.09.30"]
[SourceVersion "1"]
[SourceVersionDate "2023.09.30"]
[SourceQuality "1"]

1. b3 e5 2. Bb2 Nc6 3. c4 Nf6 4. Nc3 Bb4 5. e3 d5 6. a3 Be7 7. Be2 0-0 8. d4 exd4 9. Nxd5 Nxd5 10. cxd5 Qxd5 11. Bf3 Qe6 12. Bxc6 Qxc6 13. Bxd4 Qxg2 14. Qf3 Qxf3 15. Nxf3 b6 16. Rg1 g6 17. Ne5 Bf6 18. Nc6 Bxd4 19. Nxd4 Bb7 20. Nb5 c5 21. Rg3 Rfd8 22. Rc1 Rd3 23. Rc3 Rxc3 24. Nxc3 Bc6 25. Rg4 Rd8 26. Ke2 a6 27. Rc4 Bb5 28. Nxb5 axb5 29. Rf4 Ra8 30. a4 bxa4 31. Rxa4 Rxa4 32. bxa4 Kg7 33. Kd3 Kf6 34. Kc4 Ke5 35. f3 f5 36. Kb5 f4 37. exf4+ Kxf4 38. Kxb6 c4 39. a5 c3 40. a6 c2 41. a7 c1Q 42. a8Q Qb2+ 43. Kc5 Qc3+ 44. Kb6 Qb4+ 45. Kc7 Qc5+ 46. Kd7 Qf5+ 47. Kd6 Qd3+ 48. Ke7 Qxf3 49. Qf8+ Kg4 50. Qc8+ Kg5 51. Qc5+ Kh6 52. Qc1+ g5 53. Qg1 Kh5 54. Kd6 g4 55. Ke5 Kh4 56. Kd4 Qf4+ 57. Kd3 g3 58. Ke2 gxh2 59. Qh1 Kh3 60. Ke1 Qc1+ 61. Kf2 Qxh1 62. Ke2 Qg1 63. Kf3 h1Q+ 64. Kf4 Qhh2+ 65. Ke4 Qhf2 66. Ke5 Qge1+ 67. Kd5 Qfd2+ 68. Kc4 Qec1+ 69. Kb3 Qdb2+ 70. Ka4 Qca1# 0-1